000 00812cad a22002295a 4500
001 L159020
008 121219e2015 xxk 000 0 eng d
035 _a(Sirsi) u159020
041 0 _aeng
100 1 _aVigus, Emma
245 0 0 _aKnowing me, knowing you...
_h[electronic resource]
260 _c2015
490 _aRICS Property Journal
_vDecember 2015 - January 2016, 36-37(2)
520 _aExplains the importance of conducting comprehensive research on a new client.
650 2 4 _aDUE DILIGENCE
650 2 4 _aETHICS
651 4 _aUnited Kingdom
_y
690 _aBusiness and management
_96226
710 _aRoyal Institution of Chartered Surveyors
_94900
856 4 0 _uhttps://www.rics.org/uk/news/journals/property-journal
_zView the journal free of charge at www.rics.org/journals...
942 _n0
999 _c84775
_d84775